Statistiques concernant Les 134 départements français de 1812, avec une carte

Cliquez ici pour prendre le quiz!

Statistiques générales

  • Ce quiz a été pris 1,525 fois
  • Le résultat moyen est 61 sur 134

Statistiques - réponses

Département % Correct
Corse
86%
Finistère
83%
Loire
82%
Nord
80%
Seine
80%
Pas-de-Calais
77%
Bas-Rhin
76%
Ain
75%
Morbihan
75%
Haut-Rhin
75%
Manche
73%
Rhône
73%
Gironde
72%
Aisne
72%
Var
72%
Calvados
72%
Loiret
71%
Ille-et-Vilaine
70%
Vendée
70%
Moselle
69%
Landes
69%
Oise
69%
Bouches-du-Rhône
69%
Charente
69%
Hérault
68%
Jura
68%
Marne
67%
Meurthe
67%
Somme
67%
Vaucluse
67%
Cher
66%
Allier
66%
Eure
66%
Ardennes
66%
Meuse
65%
Tarn
65%
Lot
65%
Hautes-Alpes
65%
Isère
65%
Aude
65%
Gard
65%
Doubs
64%
Creuse
64%
Ardèche
64%
Cantal
64%
Vosges
64%
Dordogne
63%
Drôme
63%
Haute-Garonne
63%
Tarn-et-Garonne
62%
Aube
62%
Côte-d'Or
62%
Vienne
62%
Pyrénées-Orientales
62%
Loir-et-Cher
62%
Corrèze
61%
Alpes-Maritimes
61%
Lot-et-Garonne
61%
Eure-et-Loir
61%
Indre
61%
Ariège
61%
Aveyron
60%
Sarthe
60%
Seine-et-Marne
60%
Puy-de-Dôme
60%
Indre-et-Loire
60%
Mayenne
60%
Gers
60%
Yonne
59%
Haute-Vienne
59%
Hautes-Pyrénées
59%
Deux-Sèvres
59%
Orne
59%
Saône-et-Loire
58%
Lozère
58%
Haute-Loire
58%
Nièvre
57%
Haute-Saône
56%
Haute-Marne
56%
Maine-et-Loire
55%
Côtes-du-Nord
41%
Rome
37%
Seine-et-Oise
36%
Loire-Inférieure
31%
Seine-Inférieure
30%
Charente-Inférieure
29%
Gênes
29%
Basses-Alpes
28%
27%
Basses-Pyrénées
27%
Ter
23%
Léman
21%
Sarre
19%
Frise
18%
Escaut
18%
Forêts
18%
Mont-Blanc
17%
Bouches-du-Rhin
17%
Sambre-et-Meuse
16%
Jemmapes
15%
Lys
14%
Bouches-de-l'Escaut
14%
Arno
14%
Bouches-de-l'Elbe
14%
Méditerranée
13%
Mont-Tonnerre
13%
Rhin-et-Moselle
12%
Bouches-de-la-Meuse
12%
Meuse-Inférieure
12%
Simplon
11%
Dyle
11%
Bouches-de-l’Èbre
11%
Ourthe
10%
Marengo
10%
Apennins
10%
Roer
10%
Deux-Nèthes
10%
Montserrat
10%
Ems-Oriental
10%
Ems-Supérieur
9%
Lippe
9%
Bouches-du-Weser
9%
Bouches-de-l'Yssel
9%
Taro
9%
Doire
9%
Montenotte
9%
Ems-Occidental
9%
Stura
9%
Yssel-Supérieur
9%
Ombrone
9%
Zuyderzée
9%
Sézia
8%
Sègre
8%
Trasimène
8%

Distribution des résultats

Percentile by Number Answered

% des personnes avec chaque résultat

Votre développement - résultats

Vous n’avez pas pris ce quiz